| 000 | 00821nam a22002177a 4500 | ||
|---|---|---|---|
| 999 |
_c11980 _d11980 |
||
| 003 | AR-CdUCM | ||
| 008 | 190405b ||||| |||| 00| 0 spa d | ||
| 040 |
_aMUNICIPALIDAD PROVINCIAL DEL CUSCO _cBIBLIOTECA MUNICIPAL DEL CUSCO |
||
| 082 |
_a348.6 / _bF386 / 1955 |
||
| 100 |
_aFerrero Rebagliati, Raúl _928883 |
||
| 245 | _aEl derecho del trabajo en el Perú / | ||
| 260 |
_aLima : _bCentro de Estudios Económicos y Sociales, _c1955. |
||
| 300 |
_a96 páginas ; _c25 cm. |
||
| 505 | _aContenido: Contrato de trabajo y campo de aplicación de las leyes sociales -- Garantías de trabajo -- Limitaciones legales del trabajo ... | ||
| 650 |
_aLegislación _92962 |
||
| 650 |
_aDerecho laboral _95297 |
||
| 650 |
_aPerú _935 |
||
| 700 |
_aScudellari, Carlos _927229 |
||
| 942 |
_2ddc _cLIBROS |
||
| 945 |
_acmm _d2019-04-05 |
||